Tainted legacy : 9/11 and the ruin of human rights /

Bibliographic Details
Main Author: Schulz, William F.
Format: Book
Language:English
Published: New York : Thunder's Mouth Press/Nation Books, [2003]
Subjects:

MARC

Tag First Indicator Second Indicator Subfields
LEADER 00000pam a22000004a 4500
001 in00001781321
005 20151025131511.0
008 030805s2003 nyu b 001 0 eng
010 |a  2003060836 
020 |a 1560254890 
035 |a (OCoLC)ocm52821317 
040 |a DLC  |c DLC  |d YDX  |d TXA  |d UtOrBLW 
042 |a pcc 
049 |a TXAM 
050 0 0 |a JC585  |b .S4328 2003 
082 0 0 |a 323  |2 22 
100 1 |a Schulz, William F. 
245 1 0 |a Tainted legacy :  |b 9/11 and the ruin of human rights /  |c William F. Schulz. 
264 1 |a New York :  |b Thunder's Mouth Press/Nation Books,  |c [2003] 
264 4 |c ©2003 
300 |a xiv, 242 pages ;  |c 20 cm. 
336 |a text  |b txt  |2 rdacontent 
337 |a unmediated  |b n  |2 rdamedia 
338 |a volume  |b nc  |2 rdacarrier 
504 |a Includes bibliographical references (pages 213-235) and index. 
650 0 |a Human rights. 
650 0 |a Terrorism. 
948 |a cataloged  |b h  |c 2003/11/24  |d c  |e jgreene  |f 12:19:12 pm 
994 |a E0  |b TXA 
999 |a MARS 
999 f f |s 53c80adc-b2f8-32f4-8120-4e9a7f3804ec  |i 7913afc3-c598-34bd-9326-a2d032957aa7  |t 0 
952 f f |p ric  |a Texas A&M University  |b Rellis Campus  |c Joint Library Facility  |d Remote Storage  |t 0  |e JC585 .S4328 2003  |h Library of Congress classification  |i unmediated -- volume  |m A14830773258 
998 f f |a JC585 .S4328 2003  |t 0  |l Remote Storage